000 00756nam a2200241 a 4500
003 DO-SdBNP
005 20220602090358.0
007 ta
008 220601e2021 dr ||||jr|||| 00| e spa d
020 _a9789945883893
040 _aDO-SdBNP
_bspa
_cBNPHU
082 4 _222
_bB976e
245 _aEn busca de la esperanza:
_bensayos.
260 _aPuerto Plata, República Dominicana :
_bSociedad Cultural Renovación,
_c2021
300 _a57 p. ;
_c21 cm.
500 _aConcurso Literario por Nuestro País Primero, 2021
586 _aPremio José Dubeau. Ensayo 13 a 18 años.
590 _aInventariado 2022 MF
650 4 _922619
_aEnsayos Dominicanos
_xColecciones
650 4 _926914
_aConcursos Literarios
910 _aMFeliz
942 _2ddc
_cLBS1
999 _c51880
_d51880